| 000 | 00723nam a22002417a 4500 | ||
|---|---|---|---|
| 003 | UA-OsUOA | ||
| 001 | 54743 | ||
| 007 | ta | ||
| 008 | 20080715b un ||||| |||| 00| 0 ukr d | ||
| 100 | _aКоноваленко В. | ||
| 090 |
_a347,78(477) _bК64 |
||
| 942 | _cBK | ||
| 040 |
_aUA-OsUOA _brus _cUA-OsUOA _dUA-OsUOA |
||
| 245 | _aАвторськое право и смежные право: бухгалтеру, руководителю, юристу | ||
| 300 | _a476 с. | ||
| 955 | _a2 | ||
| 041 | _arus | ||
| 080 | _a347,78(477) | ||
| 020 | _a966-312-487-3 | ||
| 260 |
_aХарків _bФактор _c2006 |
||
| 650 | 7 |
_a347 Цивільне право. Судовий устрій _2UDC |
|
| 999 |
_c340821 _d340821 |
||